000 00759nam a2200241 i 4500
001 bg
100 1 _aWOŹNIAK, Michał Gabriel
245 1 0 _aWzrost gospodarczy :
_bpodstawy teoretyczne /
_cMichał Gabriel Woźniak.
260 _aKraków :
_bWydaw. Akademii Ekonomicznej,
_c2004.
300 _a201 s. :
_btab., wykr. ;
_c24 cm.
504 _aBibliogr. s. 199-201.
650 9 _aWzrost gospodarczy
655 _aPodręczniki akademickie
015 _aPB 18568/2004
020 _a8372522227
040 _cBPK
041 0 _apol
080 _a330.35(075.8)
920 _a83-7252-222-7
942 _cKS
008 s pl f |000 0 pol
999 _c46823
_d46823
856 _uhttp://koha.tu.koszalin.pl/cgi-bin/koha/opac-detail.pl?biblionumber=46823
_yKatalog online BPK